| 000 | 00819 a2200277 4500 | ||
|---|---|---|---|
| 999 |
_c200130531 _d12650 |
||
| 001 | 200130531 | ||
| 003 | TR-AnTOB | ||
| 005 | 20231213142954.0 | ||
| 008 | 160507b tu n0 0 0 | ||
| 022 | _a13035005 | ||
| 040 |
_aTR-AnTOB _beng _cTR-AnTOB _erda |
||
| 041 | _aeng | ||
| 099 | _aJOURNAL - HACÜ Bİ | ||
| 110 | 2 |
_aHacettepe Üniversitesi _9142820 |
|
| 130 | _aFen Fakültesi Dergisi | ||
| 222 | _aHacettepe journal of biology and chemistry. | ||
| 245 | 0 |
_aHacettepe Journal of Biology and Chemistry _bOfficial Journal of Faculty of Science. |
|
| 260 |
_aAnkara;: _bHacettepe University Faculty of Science, |
||
| 310 | _aAnnual | ||
| 362 | _aBegan in 2002 | ||
| 650 | 7 |
_aSüreli yayınlar _2etuturkob _993178 |
|
| 650 |
_aKimya _9330 |
||
| 650 |
_aBiyoloji _93975 |
||
| 942 |
_cCR _2lcc |
||